Представление документа в формате MARC21

Поле Инд. ПП Название Значение
Тип записи a
Библиографический уровень b
001 Контрольный номер RU/IS/BASE/484248579
005 Дата корректировки 20200522191729.3
008 Кодируемые данные 20150506
040 b Код языка каталог. rus
e Правила каталог. PSBO
041 0_ a Код языка текста rus
084 a Индекс другой классификации/Индекс ББК 65.291.9-21-56
100 1_ a Автор Пахомов А.
100 1_ a Автор Сайдаева А.
245 10 a Заглавие Привлечение акционеров к инвестированию развития предприятия
504 a Библиография Библиогр.
520 a Аннотация Рассматривается метод управление выплатами дивидентов акционерам с целью аккумулирования средств для развития предприятия.
650 14 a Основная рубрика инвестиции
a Основная рубрика менеджмент (управление предприятием)
a Основная рубрика экономика
a Основная рубрика экономика предприятия
653 1_ a Ключевые слова акционеры
a Ключевые слова дивиденды
a Ключевые слова инвестиционная привлекательность
a Ключевые слова инвестиционное развитие
a Ключевые слова инвестиционный проект
a Ключевые слова конкурентоспособность бизнеса
a Ключевые слова накопленная стоимость
a Ключевые слова управление финансами (финансовый менеджмент)
a Ключевые слова финансирование инвестиций
a Ключевые слова эффективность инвестиций
a Ключевые слова эффективность управления
773 08 t Заглавие источника РИСК: ресурсы, информация, снабжение, конкуренция
d Дата издания источника 2013
g Прочая информация № 3. - С. 362 - 364 : рис., табл., расчет.
w Контрольный № источника RU/IS/BASE/439917319
901 t Тип документа b